Annual bulletin of general energy statistics for Europe 1982

Gespeichert in:
Bibliographische Detailangaben
Format: Buch
Sprache:Englisch
Französisch
Russisch
Veröffentlicht: New York United Nations 1984
Tags: Tag hinzufügen
Keine Tags, Fügen Sie das erste Tag hinzu!

MARC

LEADER 00000nam a2200000 4500
001 c114131
005 20180206121151.3
041 0 |a eng 
041 0 |a fre 
041 0 |a rus 
044 |a US 
245 1 0 |a Annual bulletin of general energy statistics for Europe 1982 
264 1 |a New York  |b United Nations  |c 1984 
300 |a 128 s.